Normal view
MARC view
- Mahajan, V S
Entry Personal Name
001 - CONTROL NUMBER
- control field: 6386
003 - CONTROL NUMBER IDENTIFIER
- control field: OSt
005 - DATE AND TIME OF LATEST TRANSACTION
- control field: 20241101144448.0
008 - FIXED-LENGTH DATA ELEMENTS
- fixed length control field: 241101|| aca||aabn | a|a d
040 ## - CATALOGING SOURCE
- Original cataloging agency: OSt
- Transcribing agency: OSt
100 ## - HEADING--PERSONAL NAME
- Personal name: Mahajan, V S
670 ## - SOURCE DATA FOUND
- Source citation: Work cat.: (OSt)10104: Mahajan, V S ., Energy and energy resource management / , 1999.
